00277 a2200133 4500001000700000020002200007040001100029100002900040240001900069245001400088300000700102362000900109440002500118191774 a978-85-8193-304-7 cMagnum aOliveira, Dinah Sales de10aPollyannalpor10aPollyanna a320 a2016 1aFolha de São Paulo